000 00604nam a22002052 4500
001 0000021335
005 20151217155909.0
008 120315s xx 000 0 eng d
020 _a9966777482 :
040 _aKABU
_cKABU
100 1 _aOsiolo, Hellen.
_@0000182155
245 1 0 _aEnhancing household fuel choice and substitution in Kenya /
_cHellen Osiolo.
250 _a1st ed.
260 _aNairobi :
_bKIPPRA,
_c2009.
300 _avi, 50 p.
650 0 _aFuel
_zKenya.
_@0000182156
852 1 _9p400 KES
908 _a120315
950 _@1
999 _c13817
_d13817